000 00788nam a2200265Ia 4500
003 OSt
005 20220926030254.0
006 a|||||r|||| 00| 0
007 ta
008 220923b |||||||| |||| 00| 0 eng d
037 _cGeneral Book
040 _aRTL
_cRTL
_beng
041 _2eng
_aeng
082 _aY9(W), L8
100 _aCohen Ronald
_991277
245 0 _aOrigins of the state
_b The anthropology of politic
260 _aPhiladephia
_bI S H I
_c1978
300 _a233p
_ccm.
490 _aInstitute for the Study of Human Issues
500 _aBibliography Chapterwise
650 _aPolitical Sociology
700 _a Service Elman R Ed.
_9152782
942 _hY9(W), L8
_cGB
_2CC
999 _c649153
_d649153